Statistics for Countries by Borders in 90 Seconds with an Empty Map

Click here to take the quiz!

General Stats

  • This quiz has been taken 24,713 times
    (24,680 since last reset)
  • The average score is 115 of 156

Answer Stats

Country % Correct
Russia
98%
China
98%
France
98%
Kazakhstan
97%
Mexico
97%
United States
97%
Mongolia
97%
Poland
96%
Canada
96%
Brazil
96%
Germany
95%
Pakistan
95%
North Korea
95%
Myanmar
94%
Switzerland
94%
Bolivia
94%
India
94%
Ukraine
94%
Colombia
94%
Suriname
93%
Spain
93%
Belarus
93%
Peru
93%
Argentina
93%
Nepal
92%
Bhutan
92%
Finland
92%
Norway
92%
Azerbaijan
92%
Paraguay
92%
Libya
92%
Afghanistan
91%
Sudan
90%
Lithuania
90%
Uruguay
89%
Italy
89%
Austria
89%
Belgium
88%
Chad
88%
Venezuela
88%
Central African Republic
88%
Niger
88%
Netherlands
88%
Georgia
87%
Luxembourg
87%
Algeria
87%
South Sudan
87%
Turkey
86%
Cameroon
86%
Democratic Republic of the Congo
86%
Namibia
86%
Latvia
85%
Guyana
85%
Zambia
85%
South Africa
85%
Mali
85%
Botswana
85%
Czech Republic
85%
Iraq
85%
Mozambique
84%
Laos
84%
Tanzania
84%
Zimbabwe
84%
Egypt
84%
Republic of the Congo
83%
Estonia
83%
Angola
82%
Uganda
82%
Kyrgyzstan
82%
Iran
82%
United Kingdom
81%
Tajikistan
81%
Mauritania
80%
Vietnam
80%
Swaziland
80%
Nigeria
80%
Lesotho
79%
Burkina Faso
79%
Rwanda
78%
Morocco
78%
Bulgaria
78%
Guatemala
77%
Panama
76%
Burundi
76%
Slovenia
75%
Costa Rica
75%
Saudi Arabia
74%
Armenia
74%
Andorra
74%
Denmark
74%
Hungary
74%
Ethiopia
73%
Jordan
73%
Turkmenistan
71%
Greece
71%
Gabon
70%
Israel
68%
Kuwait
68%
Oman
68%
Slovakia
67%
Romania
67%
Honduras
67%
Kenya
67%
Benin
67%
United Arab Emirates
67%
Macedonia
66%
Serbia
66%
Yemen
66%
Nicaragua
65%
Côte d'Ivoire
65%
Malaysia
65%
Chile
65%
Ireland
64%
Belize
64%
Syria
63%
Guinea
63%
Somalia
62%
Senegal
61%
Bangladesh
61%
Indonesia
61%
Ecuador
60%
Qatar
60%
Croatia
58%
Vatican City
56%
El Salvador
56%
Papua New Guinea
56%
San Marino
56%
Portugal
56%
Sweden
56%
Eritrea
55%
East Timor
54%
Montenegro
53%
Ghana
53%
Albania
52%
Thailand
52%
Monaco
52%
Togo
51%
Djibouti
51%
Tunisia
50%
Bosnia and Herzegovina
48%
Cambodia
45%
Kosovo
45%
Uzbekistan
45%
Moldova
44%
Liberia
36%
Malawi
35%
Guinea Bissau
33%
Sierra Leone
32%
South Korea
30%
Liechtenstein
30%
Dominican Republic
30%
Haiti
30%
Lebanon
28%
Equatorial Guinea
28%
Gambia
28%
Brunei
25%

Score Distribution

Percentile by Number Answered

Percent of People with Each Score

Your Score History

You have not taken this quiz since the last reset